MARC details
| 000 -CABECERA |
| campo de control de longitud fija |
01215nam a2200241 a 4500 |
| 001 - NÚMERO DE CONTROL |
| campo de control |
000029336 |
| 005 - FECHA Y HORA DE LA ÚLTIMA TRANSACCIÓN |
| campo de control |
20200930055502.0 |
| 008 - DATOS DE LONGITUD FIJA--INFORMACIÓN GENERAL |
| campo de control de longitud fija |
110307s2007 dr ac 000 0 spa d |
| 040 ## - FUENTE DE LA CATALOGACIÓN |
| Centro catalogador/agencia de origen |
DO-SdBNP |
| Lengua de catalogación |
spa |
| Centro/agencia transcriptor |
BNPHU |
| 082 ## - NÚMERO DE LA CLASIFICACIÓN DECIMAL DEWEY |
| Número de clasificación |
021.7 |
| Número de documento/Ítem |
F356d, 2007 |
| 111 2# - ENTRADA PRINCIPAL--NOMBRE DE CONGRESO/REUNIÓN |
| Nombre de congreso/reunión o jurisdicción como elemento de entrada |
Feria Internacional del Libro de Santo Domingo 2007 |
| Número del congreso/reunión o número de parte o sección |
(10ª : |
| Fecha del congreso/reunión |
(2007 10 :23 abril al 6 de mayo |
| Sede del congreso/Lugar de la reunión |
Santo Domingo, República Dominicana ) |
| 9 (RLIN) |
56212 |
| 245 10 - MENCIÓN DE TÍTULO |
| Título |
X Feria Internacional del Libro Santo Domingo 2007 : |
| Resto del título |
programa. |
| 246 13 - FORMA VARIANTE DE TÍTULO |
| Título propio/Titulo breve |
Décima Feria Internacional del Libro Santo Domingo 2007 |
| 260 ## - PUBLICACIÓN, DISTRIBUCIÓN, ETC. |
| Lugar de publicación, distribución, etc. |
Santo Domingo : |
| Nombre del editor, distribuidor, etc. |
Secretaría de Estado de Cultura |
| -- |
Dirección General de la Feria del Libro, |
| Fecha de publicación, distribución, etc. |
2007 |
| Fabricante |
Editora Búho |
| 300 ## - DESCRIPCIÓN FÍSICA |
| Extensión |
327 p. : |
| Otras características físicas |
il., retrs. ; |
| Dimensiones |
23 cm. |
| 500 ## - NOTA GENERAL |
| Nota general |
Homenaje a Franklin Mieses Burgos, país invitado de honor Colombia |
| 500 ## - NOTA GENERAL |
| Nota general |
Contiene el manual del expositor |
| 500 ## - NOTA GENERAL |
| Nota general |
Donde la imaginación florece |
| 611 24 - PUNTO DE ACCESO ADICIONAL DE MATERIA--NOMBRE DE REUNIÓN/CONGRESO |
| Nombre de congreso/reunión o jurisdicción como elemento de entrada |
FERIA INTERNACIONAL DEL LIBRO |
| Subdivisión general |
(10ª : |
| Sede del congreso/Lugar de la reunión |
SANTO DOMINGO, REPÚBLICA DOMINICANA) |
| Subdivisión general |
PROGRAMAS |
| 9 (RLIN) |
56213 |
| 650 #4 - PUNTO DE ACCESO ADICIONAL DE MATERIA--TÉRMINO DE MATERIA |
| Término de materia o nombre geográfico como elemento de entrada |
Industria del libro |
| Subdivisión geográfica |
República Dominicana |
| Subdivisión general |
Programas |
| 9 (RLIN) |
55292 |
| 650 #4 - PUNTO DE ACCESO ADICIONAL DE MATERIA--TÉRMINO DE MATERIA |
| Término de materia o nombre geográfico como elemento de entrada |
Feria del libro |
| Subdivisión geográfica |
República Dominicana |
| Subdivisión cronológica |
2010 |
| Subdivisión general |
Programas |
| 9 (RLIN) |
56214 |
| 910 ## - DATOS DE OPCIÓN DEL USUARIO (OCLC) |
| Datos de opción del usuario |
Validado. Control de caliad. MFF |